000
00320nam a2200109Ia 4500
008
171204s9999 xx 000 0 und d
245
_a
Tourism Management:
245
_c
David Weaver and Laura Lawton
260
_c
2014
650
_x
Tourism Planning & Development
856
_u
http://down.ebook777.com/035/1118644816.pdf
999
_c
346850
_d
346850